The effect of using blood meal in avian broiler concentrated feed on the growth rate at the royal university of agriculture, ប្រសិទ្ធភាពនៃការប្រើប្រាស់ម្សៅឈាមក្នុងចំណីផ្សំទៅលើការលូតលាស់របស់ពូជមាន់សាច់ពូជAVIAN នៅស្ថានីយ៍ចិញ្ចឹមសត្វនៃសាកលវិទ្យាល័យភូមិន្ទកសិកម្ម (Record no. 2058)

000 -LEADER
fixed length control field 00877nam a22001577a 4500
003 - CONTROL NUMBER IDENTIFIER
control field OSt
005 - DATE AND TIME OF LATEST TRANSACTION
control field 20151006151653.0
008 - FIXED-LENGTH DATA ELEMENTS--GENERAL INFORMATION
fixed length control field 151006b xxu||||| |||| 00| 0 eng d
040 ## - CATALOGING SOURCE
Transcribing agency RUA
082 ## - DEWEY DECIMAL CLASSIFICATION NUMBER
Classification number AVM DEN 2006 B076 Or.1
100 ## - MAIN ENTRY--PERSONAL NAME
9 (RLIN) 2187
Personal name DENG, POLADING.
245 ## - TITLE STATEMENT
Title The effect of using blood meal in avian broiler concentrated feed on the growth rate at the royal university of agriculture, ប្រសិទ្ធភាពនៃការប្រើប្រាស់ម្សៅឈាមក្នុងចំណីផ្សំទៅលើការលូតលាស់របស់ពូជមាន់សាច់ពូជAVIAN នៅស្ថានីយ៍ចិញ្ចឹមសត្វនៃសាកលវិទ្យាល័យភូមិន្ទកសិកម្ម
260 ## - PUBLICATION, DISTRIBUTION, ETC. (IMPRINT)
Place of publication, distribution, etc. Phnom Penh
Name of publisher, distributor, etc. RUA
Date of publication, distribution, etc. 2006
300 ## - PHYSICAL DESCRIPTION
Extent 45p.
Other physical details ill.
Dimensions 29cm.
942 ## - ADDED ENTRY ELEMENTS (KOHA)
Source of classification or shelving scheme
Koha item type AVM
Holdings
Price effective from Date last seen Permanent Location Not for loan Date acquired Source of classification or shelving scheme Koha item type Lost status Withdrawn status Date last checked out Total Checkouts Shelving location Damaged status Barcode Current Location Full call number
2015-10-062017-02-08Library Block B 2015-10-06 AVM  2017-02-082B076 RUA007678Library Block BAVM DEN 2006 B076 Or.1
2015-10-062017-02-10Library Block B 2015-10-06 AVM  2017-02-102B076 RUA007699Library Block BAVM DEN 2006 B076 Or.2
2015-10-062017-02-14Library Block B 2015-10-06 AVM  2017-02-081B076 RUA007698Library Block BAVM DEN 2006 B076 Or.3
2015-10-062017-08-01Library Block B 2015-10-06 AVM  2017-02-062B076 RUA008419Library Block BAVM DEN 2006 B076 Or.4
មជ្ឈមណ្ឌលឯការនៃសាកលវិទ្យាល័យភូមិន្ទកសិកម្មចំការដូង

Powered by Koha